MDQL
is popping MORE tags! Check the
thread
!
Quizzes
Events
Quiz Creation
Community
Videos
Private Events
Remove Ads
Sign In
Join for FREE
Feedback
Dark Mode
Quiz Categories
Sports
Geography
Music
Movies
Television
Just For Fun
Miscellaneous
History
Literature
Language
Science
Gaming
Entertainment
Religion
Holiday
For Kids
Quiz Lab
Recent
Popular Today
Quiz Kudos Today
Editor Picks
Curator Picks
Quizzes by...
Day
Popularity
Type
Ratings
Length
Year
Community
Subscriptions
Recent Discussions
Orange Saloon
Badges
Playlists
Quests
Create
Leaderboards
Showdown
Live 5
Trivia Bingo
Activity
Puzzle Library
Sporcle Events
Private Events
Virtual Trivia
Globe League
Become a Host
Pub Owners
SporcleCon
Opinionation
Our Games
Videos
Blog
Mobile Apps
Partnerships
Remove Ads and Go Orange
Feedback
Gaming
Video Games
Board Games
Card Games
Pokémon
Mario
Nintendo
Minecraft
Console
Toys
Legend of Zelda
Gaming
Video Games
Board Games
Card Games
Pokémon
Mario
Nintendo
Minecraft
Console
Toys
Legend of Zelda
Random Quiz
Search Sporcle
×
Quiz Lab
Quiz Lab
Gaming
Grand Theft Auto
Type in answers that appear in a list
Type in answers that appear in a list
Classic
Best Score? Go Orange.
Gta protagonists Stats
Can you name the gta protagonists?
By
little_wigga
7m
26 Questions
104 Plays
104 Plays
104 Plays
Comments
Comments
Give Quiz Kudos
Give Quiz Kudos
-
- Ratings
hide this ad
Replay
Link that replays current quiz
Next Quiz
Link to next quiz in quiz playlist
You Got
0%
They Got
Avg Score
18%
Avg Friend Score
Upgrade to see
Score Distribution
Jump to the score distribution portion of the page
Score
0/26
Timer
07:00
0
Plays Today
% Correct
carl johnson
75%
tommy vercetti
75%
claude
73.1%
niko bellic
72.1%
johnny klebitz
30.8%
victor vance
29.8%
claude speed
22.1%
huang lee
16.3%
luis fernando lopez
16.3%
bubba
15.4%
travis
7.7%
toni ciprani
6.7%
kivlov
4.8%
% Correct
troy
3.8%
sid vacant
3.8%
divine
2.9%
mikki
2.9%
ulrika
2.9%
rodney morash
2.9%
katie
1.9%
charles jones
1%
johnny hawtorn
1%
maurice caine
1%
mick casey
1%
wintson henry
1%
wolfie vilans
1%
Quiz Playlist
Details
Report
Send in Message
Add To Playlist
Classic:
Type in answers that appear in a list
Last Updated: Feb 16, 2017
Quiz Scoreboard
CHALLENGE
Sign Up to Join the Scoreboard
Show All
Scores
Hide
Comments
May contain spoilers
Recently Published
Holiday 10x10 Sorting Gallery
by lukepisani3
Holiday
15m
Two Season TV Shows II
by 123Four
Television
10m
Image Sorting: Flags VI
by Barbecue
Geography
2m
More to Explore
Quiz From the Vault
Featured Blog Post
14 Easter Pick-up Lines to Find Eggs With
hide this ad
You Might Also Like...
Tags
Grand Theft Auto
Today's Top Quizzes in Gaming
Browse Gaming
hide this ad
Today's Top Quizzes in Grand Theft Auto
Browse Grand Theft Auto
Top Contributed Quizzes in Gaming
1
League of Legends Pro Players by Career/Team History
2
Destiny 2 exotic weapons by perk icons
3
Genshin Impact Logic Puzzle
4
Genshin Impact Logic Puzzle Quiz
5
Ultimate Genshin Impact Logic Puzzle (up to 4.3)
6
4x4 Decades: Video Games
7
Genshin murder mystery
8
Who's on the WWE 2K24 Cover?
9
Dead By Daylight Logic Puzzle
10
Image Sorting: Video Game Characters II
Explore More
Trending Topics
NBA
Harry Potter
Anime
Marvel
Kpop
Crossword
Disney
WWE
The Office
Soccer
Puzzle
Song
Pokémon
NFL
Country
hide this ad
More By:
little_wigga
Quiz
Plays
Rating
Category
Featured
Created
gta protagonists
104
1.00
Gaming
Nov 22, 2011
Go to Creator's Profile
Score Distribution
Quiz Creator Spotlight
little_wigga
Follow
Send a Message
Quizzes Created
-
Created Quiz Play Count
-
More By This Creator
Popular Quizzes Today
1
Find the US States - No Outlines Minefield
2
Colored Red Africa Blitz
3
Find the 'City' Movie
4
The Countries of the World
5
Find the US States
6
5x2 Blitz: Bands
7
Find the Countries of Europe - No Outlines Minefield
8
US States
More Gaming Quizzes
AI Generated Pokémon (Gen. I)
Editor's Pick
Trending Quizzes
Colored Red Europe Blitz I
Colored Red Europe Blitz II
Colored Red Africa Blitz II
Colored Red Africa Blitz III
Colored Red Europe Blitz III
Recently Updated
Odd Team Out - Big 4 Players
pecheneg
Quick Pick: 20 Twenties
pecheneg
March Madness Men's Triple Doubles
pecheneg
How Do You Spell That?
pecheneg
Godzilla Movies
pecheneg
Grab Bag: 4-10 Letters
pecheneg
2024 March Madness Bracket
pecheneg
Famous TV Couples
Peacemaker
Champions League XIs: Real Madrid
pecheneg
Largest US Cities 1790-2010
pecheneg
Trending Topics
Marvel
Anime
Kpop
NBA
Disney
Harry Potter
Crossword
Soccer
NFL
Country
Puzzle
WWE
Pokémon
The Office
Song
Your Account Isn't Verified!
In order to create a playlist on Sporcle, you need to verify the email address you used during registration. Go to your
Sporcle Settings
to finish the process.
Report this User
Report this user for behavior that violates our
Community Guidelines
.
Details:
Send Report
Go to the Sporcle.com Mobile Site →
Comments